| 000 | 008320000a22002530004500 | ||
|---|---|---|---|
| 001 | 49750 | ||
| 010 | _a972-41-0349-8 | ||
| 100 | _a20141124d2014 k y0pory5003 ba | ||
| 101 | 0 | _apor | |
| 102 | _aPT | ||
| 200 | 1 |
_aContos para a infância dos irmãos Grimm _fadapt. Jorge Magalhães _gil. Catherine Labey |
|
| 210 |
_aRio Tinto _cAsa _d1992 |
||
| 215 |
_a48 p. _ctodo il. |
||
| 225 | 2 |
_aHistórias maravilhosas em BD _v3 |
|
| 606 |
_92126 _aLiteratura juvenil _xBanda desenhada _xConto |
||
| 675 |
_a821.134.3-34(084.11) _vBN _zpor |
||
| 675 |
_a82-93 _vBN _zpor |
||
| 700 |
_929230 _aMagalhães _bJorge _f1938- _4010 |
||
| 702 | 1 |
_926572 _4440 _aLabey _bCatherine _f1945- |
|
| 801 |
_aPT _c20141124 |
||
| 090 | _a49750 | ||
| 942 |
_cMON _n0 |
||
| 999 | _a49750 | ||